[Event "Chefchaouen op 17th"]
[Site "Chefchaouen"]
[Date "2018.07.28"]
[Round "7"]
[White "Liari, Khalid"]
[Black "Ouadfel, Yassir"]
[Result "1-0"]
[WhiteElo "2097"]
[BlackElo "1644"]
[PlyCount "67"]
[EventDate "2018.07.23"]
[EventType "swiss"]
[EventRounds "9"]
[EventCountry "MAR"]
[SourceTitle "EXT 2020"]
[Source "ChessBase"]
[SourceDate "2019.10.17"]
[SourceVersion "1"]
[SourceVersionDate "2019.10.17"]
[SourceQuality "1"]

1. d4 Nf6 2. c4 g6 3. Nc3 Bg7 4. e4 d6 5. Nf3 0-0 6. Be2 e5 7. dxe5 dxe5 8. Qxd8 Rxd8 9. Bg5 c6 10. Nxe5 Re8 11. 0-0-0 Nxe4 12. Nxe4 Bxe5 13. f4 Bg7 14. Bf3 Na6 15. Nd6 Re6 16. f5 Re5 17. Bf4 Ra5 18. a3 Be5 19. Bxe5 Rxe5 20. Rhe1 f6 21. Rxe5 fxe5 22. Nxc8 Rxc8 23. fxg6 hxg6 24. Rd6 Nc5 25. b4 Nb3+ 26. Kb2 Nd4 27. Rxg6+ Kh8 28. Rf6 Kg7 29. Rd6 Rc7 30. Be4 Rf7 31. Kc3 Kf8 32. Rh6 Rc7 33. Rh8+ Kg7 34. Rh7+ 1-0